000
00323nam a22001337a 4500
008
180109b xxu||||| |||| 00| 0 eng d
020
_a
537659001
041
_a
eng
080
_a
331
100
_a
52
101
_a
EKO
245
_a
Economics: Principles and Policy from a Christian Perspective
_c
Rose,T
942
_2
udc
_c
BK
999
_c
39864
_d
39864